Statistiques concernant Focus sur: Finrod - Tolkien

Cliquez ici pour prendre le quiz!

Statistiques générales

  • Ce quiz a été pris 11 fois
  • Le résultat moyen est 13 sur 22

Statistiques - réponses

Informations recherchéesRéponses% Correct
Couleur des cheveuxDoré
100%
EspèceElfe
100%
Nargothrond
100%
Groupe de l'espèceNoldor
100%
Age durant lequel il vécutPremier
100%
Profession et titreRoi de Nargothrond
100%
Maison (lignée)Finarfin
90%
PèreFinarfin
90%
Première apparitionLe Silmarillion
90%
FrèresAngrod
70%
ContréeValinor
70%
Autres nomsFelagund
60%
SœurGaladriel
60%
Aegnor
50%
Orodreth
50%
CitésTirion
40%
MèreEärwen
20%
Atandil
0%
Dungalef
0%
Ennedil
0%
Findaráto
0%
Nóm
0%

Distribution des résultats

Percentile par nombre de réponses

% des personnes avec chaque résultat

Votre développement - résultats

Vous n’avez pas pris ce quiz